000 00708nam a2200265Ia 4500
005 20260121165305.0
008 008 260114s9999 xx 000 0 eng d
020 _a9781493935475
037 _aEBOOK
040 _aCRL
040 _beng
040 _cCRL
041 _2eng
041 _aeng
084 _qCRL
100 _aAndre Balogh, Andrei Bykov, Jonathan Eastwood, Jelle Kaastra
_91049867
245 0 _aMulti-scale Structure Formation and Dynamics in Cosmic Plasmas
260 _bSpringer
260 _bSpringer
260 _c2016
856 _uhttps://link.springer.com/openurl?genre=book&isbn=978-1-4939-3547-5
942 _cEBOOK
999 _c1615592
_d1615592